ARRUPE JESUIT UNIVERSITY

CORONAVIRUS -STOP THE SPREAD - CLEAN,DISINFECT,COVER

Beyond the myth of dominance : (Record no. 121522)

MARC details
000 -LEADER
fixed length control field 01320pam a2200325 a 4500
001 - CONTROL NUMBER
control field 3451396
003 - CONTROL NUMBER IDENTIFIER
control field ARRUPE
005 - DATE AND TIME OF LATEST TRANSACTION
control field 20141216140422.0
008 - FIXED-LENGTH DATA ELEMENTS--GENERAL INFORMATION
fixed length control field 921019s1993 mou b 000 0 eng
010 ## - LIBRARY OF CONGRESS CONTROL NUMBER
LC control number 92038036
020 ## - INTERNATIONAL STANDARD BOOK NUMBER
International Standard Book Number 1556125631 :
Terms of availability $16.95
040 ## - CATALOGING SOURCE
Original cataloging agency DLC
Transcribing agency DLC
Modifying agency DLC
050 00 - LIBRARY OF CONGRESS CALL NUMBER
Classification number BV4598.2
Item number .M36 1993
082 00 - DEWEY DECIMAL CLASSIFICATION NUMBER
Classification number 248
Edition number 20
300 ## - PHYSICAL DESCRIPTION
Dimensions 21 cm.
100 1# - MAIN ENTRY--PERSONAL NAME
Personal name McMahon, Edwin M.,
Dates associated with a name 1930-
9 (RLIN) 11403
245 10 - TITLE STATEMENT
Title Beyond the myth of dominance :
Remainder of title an alternative to a violent society /
Statement of responsibility, etc Edwin M. McMahon.
260 ## - PUBLICATION, DISTRIBUTION, ETC. (IMPRINT)
Place of publication, distribution, etc Kansas City, MO :
Name of publisher, distributor, etc Sheed & Ward,
Date of publication, distribution, etc c1993.
300 ## - PHYSICAL DESCRIPTION
Extent xii, 271 p. ;
504 ## - BIBLIOGRAPHY, ETC. NOTE
Bibliography, etc Includes bibliographical references (p. 267-271).
650 #0 - SUBJECT ADDED ENTRY--TOPICAL TERM
Topical term or geographic name as entry element Self-actualization (Psychology)
General subdivision Religious aspects
-- Christianity.
9 (RLIN) 1038
650 #0 - SUBJECT ADDED ENTRY--TOPICAL TERM
Topical term or geographic name as entry element Consciousness
General subdivision Religious aspects
-- Christianity.
9 (RLIN) 13463
650 #0 - SUBJECT ADDED ENTRY--TOPICAL TERM
Topical term or geographic name as entry element Emotions
General subdivision Religious aspects
-- Christianity.
9 (RLIN) 13464
650 #0 - SUBJECT ADDED ENTRY--TOPICAL TERM
Topical term or geographic name as entry element Human body
General subdivision Religious aspects
-- Christianity.
9 (RLIN) 641
650 #0 - SUBJECT ADDED ENTRY--TOPICAL TERM
Topical term or geographic name as entry element Control (Psychology)
General subdivision Religious aspects
-- Christianity.
9 (RLIN) 13465
650 #0 - SUBJECT ADDED ENTRY--TOPICAL TERM
Topical term or geographic name as entry element Violence
General subdivision Religious aspects
-- Christianity.
9 (RLIN) 13466
906 ## - LOCAL DATA ELEMENT F, LDF (RLIN)
a 7
b cbc
c orignew
d 1
e ocip
f 19
g y-gencatlg
942 ## - ADDED ENTRY ELEMENTS (KOHA)
Source of classification or shelving scheme Library of Congress Classification
Koha item type Monograph ( Printed materials)
Holdings
Withdrawn status Lost status Source of classification or shelving scheme Damaged status Not for loan Collection code Home library Current library Shelving location Date acquired Total Checkouts Full call number Barcode Date last seen Price effective from Koha item type
    Library of Congress Classification     Main Collection ARRUPE LIBRARY ARRUPE LIBRARY Main Collection 16/12/2014   BV4598.2 .M36 1993 46500003406 24/01/2017 16/12/2014 Monograph ( Printed materials)

 

Arrupe Library. PO Box MP320 Mt Pleasant, Harare, Zimbabwe
263 242 745411|librarian@aju.ac.zw